Ultimate Sea of Thieves Quiz - Statistics

General Stats
  • This quiz has been taken 104 times
  • The average score is 49 of 127
Answer Stats
Hint Answer % Correct
Antagonist of the, 'Shore of Gold', Tall Tales The Gold Hoarder
99%
Trading Company that you sell Skulls to Order of Souls
84%
Trading Company that yousell Crates to Merchant Alliance
78%
Amount of cannons in total on a Galleon 8
74%
Trading Company that yousell Meat to (Only available at Seaposts) Hunter's Call
74%
Amount of cannons in total on a Sloop 2
72%
Amount of cannons in total on a Brigantine 4
72%
Number of Sea Forts on The Sea of Thieves 6
72%
Trading Company that yousell Treasure Chests to Gold Hoarders
72%
Number of Outposts on The Sea of Thieves | Number of Seaposts on The Sea of Thieves 7
71%
Type of Fruit that can be eaten (Gives a bit more Health) Coconut
71%
Largest sized ship in the game Galleon
71%
Amount of cannonballs to scuttle a Ghost Ship 3
69%
Trading Company that yousell Legendary Treasure to (Only available for Pirate Legends) Athena's Fortune
69%
Type of Fruit that can be eaten (Gives a little bit of Health) Banana
69%
Number of Skeleton Forts on The Sea of Thieves 10
68%
Smallest sized ship in the game Sloop
68%
Type of Fruit that can be eaten (Gives a lot of Health) Mango
65%
Type of Fruit that can be eaten (Gives full Health) Pineapple
65%
Medium sized ship in the game Brigantine
63%
Region of The Sea of Thieves (Dark and Cloudy) The Wilds
63%
Type of Fruit that can be eaten (Gives some more Health) Pomegranate
62%
Region of The Sea of Thieves (Fiery Islands with Volcanoes) The Devil's Roar
62%
Antagonist of the, 'A Pirate's Life', Tall Tales Davy Jones
60%
Region of The Sea of Thieves (Only reachable with The Shroudbreaker) The Shores of Gold
60%
Hostile Enemy that spawn on islands and world events Skeleton
59%
Beastly Animal that attacks players' ships The Kraken
59%
Trading Company that you can sellall types of Treasure to Reaper's Bones
56%
Region of The Sea of Thieves (Sunny with Blue Waters) The Ancient Isles
56%
Region of The Sea of Thieves (Sunny with Aqua Waters) The Shores of Plenty
56%
Name of Captain Jack Sparrow's Ship The Black Pearl
53%
Type of Weapon (Shotgun) Blunderbuss
51%
Item that players use to shoot out of their cannons Cannonball
51%
Animal that can be found on many islands Pig
51%
Item that every player obtains (Dig) Shovel
51%
Type of Instrument that every player obtains Banjo
50%
Animal that can be found on many islands Chicken
50%
Item that every player obtains (Direction) Compass
50%
Type of Weapon (Sniper) Eye of Reach
50%
Animal that can be found on many islands Snake
50%
Main Antagonist of The Sea of Thieves Captain Flameheart
49%
Type of Weapon (Pistol) Flintlock
49%
Nickname for a Gunpowder Barrel Keg
49%
Item that every player obtains (Light) Lantern
49%
Trading Company that you can sell all treasure to(Other than Reaper's Treasure) Sovereigns
49%
Type of Instrument that every player obtains Drum
47%
Legend who discovered The Sea of Thieves The Pirate Lord
47%
Animal that can be found in the waters Shark
46%
Type of Cursed Cannonball (Drops Players' Anchor) Anchorball
44%
Item that players use to shoot at other players' mast Chainshot
44%
Item that players can shoot out of cannons and use in their inventory for burning Firebomb
44%
Bilge Rat Woman that stands in frontof the Tavern (Can sell certain items to) Larinna
44%
Beastly Animal that attacks players' ships The Megalodon
44%
Type of Cursed Cannonball (Makes Players Drunk) Grogball
43%
Hostile Vessels that roam on the Sea of Thieves Skeleton Ship
43%
Item that can explode and inflict large amounts of damage Gunpowder Barrel
41%
Name of the Ship that Players go to when they die The Ferry of the Damned
41%
Type of Cursed Cannonball (Inflicts Venom on Players) Venomball
41%
Antagonist of the, 'The Legend of Monkey Island', Tall Tales LeChuck
40%
Items that players can shoot out of cannons and use in their inventory for knockback Blunderbomb
38%
Item that every player obtains (Scoop) Bucket
38%
Skeleton Lord that haunts The Fort of The Damned Graymarrow
38%
The Developer of Sea of Thieves Rare
38%
World Event with a Ship Cloud above it Skeleton Fleet
38%
Item that every player obtains (Sight) Spyglass
38%
World Event with a Red Tornado Ashen Winds
37%
World Event with a Red Skull Cloud above it Fort of Fortune
37%
Item that every player obtains (Time) Pocket Watch
37%
Item that players use to shoot lots of holes in other players' ship Scattershot
37%
World Event with a Skull Cloud above it Skeleton Fort
37%
Type of Cursed Cannonball (Makes Players' Cannons Inaccessible) Peaceball
35%
Name of the strange person who stands in the tavern The Mysterious Stranger
35%
Type of Instrument that every player obtains Hurdy Gurdy
34%
Name of the Captain of the Ship that players go to when they die The Ferryman
34%
Hostile Enemy that haunts Sea Forts and can spawn on islands Phantom
32%
Item that every player obtains (Drink) Tankard
32%
Type of Weapon (Pistol) Double Barrel Pistol
31%
Type of Cursed Cannonball (Makes Players Limp) Limpball
31%
Item that players use to repair their ship Wooden Plank
31%
Type of Cursed Cannonball (Makes Players' Ship sail low in the waves) Ballastball
29%
Type of Cursed Cannonball (Makes Players' Barrels Inaccessible) Barrelball
29%
Antagonist who lives below the waves The Siren Queen
28%
Protagonist in the, 'A Pirate's Life', Tall Tales Captain Jack Sparrow
26%
Type of Cursed Cannonball (Makes Players Dance) Jigball
26%
Type of Weapon (Knife) Throwing Knives
26%
Number of Islands on The Sea of Thieves 63
25%
Cosmetic Item that Players can put on their ship's Bow Figurehead
25%
Island with a Treasure Vault (Located in The Wilds) Kraken's Fall
25%
Type of Cursed Cannonball (Makes Players' Wheel Inaccessible) Helmball
24%
Skeleton Lord The Duchess
24%
Type of Cursed Cannonball (Raises Players' Sails) Riggingball
22%
Item that can explode and inflict even more damage Stronghold Gunpowder Barrel
22%
Protagonist in the, 'Legend of Monkey Island', Tall Tales Guybrush Threepwood
21%
New Feature to Season 14 (Traversal) Harpoon Gun
21%
Fiery Skeleton Lord Old Horatio
21%
Type of Instrument that every player obtains Accordian
19%
Island with a Treasure Vault (Located in The Shores of Plenty) Crescent Isle
19%
Skeleton Lord The Two-Faced Scoundrel
19%
Island with a Treasure Vault (Located in The Ancient Isles) Devil's Ridge
18%
Fiery Skeleton Lord Warden Chi
18%
Type of Cursed Cannonball (Makes Players Sleep) Wearyball
18%
World Event with a Red Ship Cloud above it Fleet of Fortune
16%
Island with a Treasure Vault (Located in The Shores of Plenty) Mermaid's Hideaway
16%
Chest of Fortune Base Value 20k
13%
Reapers Bounty Base Value 10k
12%
Island with a Treasure Vault (Located in The Ancient Isles) Crook's Hollow
12%
Item that can explode and inflict superior amounts of damage Keg of Ancient Blackpowder
12%
The Smallest Island on The Sea of Thieves Rapier Cay
12%
Name of the person who tells you the story of the 'A Pirate's Life' Tall Tales The Castaway
12%
Skeleton Lord The Mutinous Helmsman
12%
Chest of Legends Base Value 11k
10%
Name of the Person that Players "Purchase" the ship from in the 'The Quest For Guybrush' Tall Tale Stan
10%
Cosmetic Item that Players can put on their Paintjob Hull Livery
9%
Name of the Ship that Players "Purchase" in the 'The Quest For Guybrush' Tall Tale The Headless Monkey
7%
Chest of Rage Base Value 3.5k
6%
Fiery Skeleton Lord Captain Grimm
6%
The Pirate Lord's Full Name Ramsey Singh
6%
New Feature to Season 14 (Fruit) Dragonfruit
4%
Name of LeChuck's Ship The Death Starfish
4%
New Feature to Season 14 (Weapon) Blow Darts
3%
The Publisher of Sea of Thieves Microsoft Studios
3%
Chest of a Thousand Grogs Base Value 2.6k
1%
Chest of Boundless Sorrow Base Value | Chest of Everlasting Sorrow Base Value 6.8k
1%
The Biggest Island on The Sea of Thieves The Sunken Grove
1%
Name of the two people who are in the circus in the 'The Quest for Guybrush' Tall Tale The Fettucini Brothers
0%
No matching quizzes found
Score Distribution
Percent of People with Each Score
Percentile by Number Answered
Your Score History
You have not taken this quiz